Ocean circulation

I tiakina i:
Ngā taipitopito rārangi puna kōrero
Ngā kaituhi rangatōpū: Open University. Oceanography Course Team, ebrary, Inc
Ētahi atu kaituhi: Colling, Angela
Hōputu: Tāhiko īPukapuka
Reo:Ingarihi
I whakaputaina: Boston : Butterworth Heinemann, in association with the Open University, 2001.
Putanga:2nd ed. /
Ngā marau:
Urunga tuihono:An electronic book accessible through the World Wide Web; click to view
Ngā Tūtohu: Tāpirihia he Tūtohu
Kāore He Tūtohu, Me noho koe te mea tuatahi ki te tūtohu i tēnei pūkete!

MARC

LEADER 00000nam a2200000 a 4500
001 0000094654
005 20171002054849.0
006 m u
007 cr cn|||||||||
008 011127s2001 maua sb 001 0 eng
020 |z 0750652780 
035 |a (CaPaEBR)ebr10190755 
035 |a (OCoLC)179893503 
040 |a CaPaEBR  |c CaPaEBR 
050 1 4 |a GC228.5  |b .O25 2001eb 
082 0 4 |a 551.47/01  |2 21 
245 0 0 |a Ocean circulation  |h [electronic resource]. 
250 |a 2nd ed. /  |b prepared by Angela Colling for the Course Team. 
260 |a Boston :  |b Butterworth Heinemann, in association with the Open University,  |c 2001. 
300 |a 286 p. :  |b col. ill. 
504 |a Includes bibliographical references (p. 256) and index. 
533 |a Electronic reproduction.  |b Palo Alto, Calif. :  |c ebrary,  |d 2013.  |n Available via World Wide Web.  |n Access may be limited to ebrary affiliated libraries. 
650 0 |a Ocean circulation. 
655 7 |a Electronic books.  |2 local 
700 1 |a Colling, Angela. 
710 2 |a Open University.  |b Oceanography Course Team. 
710 2 |a ebrary, Inc. 
856 4 0 |u http://site.ebrary.com/lib/daystar/Doc?id=10190755  |z An electronic book accessible through the World Wide Web; click to view 
908 |a 170314 
942 0 0 |c EB 
999 |c 83809  |d 83809